La doble vista (Record no. 162073)
[ view plain ]
| 000 -LEADER | |
|---|---|
| campo de control de longitud fija | 00887nam a22001935i 4500 |
| 001 - NÚMERO DE CONTROL | |
| campo de control | 162073 |
| 003 - IDENTIFICADOR DE NÚMERO DE CONTROL | |
| campo de control | ES-MaACL |
| 005 - FECHA Y HORA DE LA ÚLTIMA TRANSACCIÓN | |
| campo de control | 20230906212424.0 |
| 008 - DATOS DE LONGITUD FIJA--INFORMACIÓN GENERAL | |
| campo de control de longitud fija | 000118s1863 sp |||| | spa d |
| 040 ## - FUENTE DE CATALOGACIÓN | |
| Centro catalogador/agencia de origen | CCPB | B |
| Lengua de catalogación | spa |
| Centro/agencia transcriptor | CCPB | B |
| 100 1# - ENTRADA PRINCIPAL--NOMBRE DE PERSONA | |
| Nombre de persona | Picón, José. |
| 9 (RLIN) | 91876 |
| 245 13 - MENCIÓN DEL TÍTULO | |
| Título | La doble vista |
| Resto del título | : zarzuela maravillosa en un acto y en verso / |
| Mención de responsabilidad, etc. | letra de José Picón ; música de Ignacio Agustín Campos. |
| 260 ## - PUBLICACIÓN, DISTRIBUCIÓN, ETC. | |
| Lugar de publicación, distribución, etc. | Madrid : |
| Nombre del editor, distribuidor, etc. | Centro General de Administración, |
| Fecha de publicación, distribución, etc. | 1863 ( |
| Fabricante | Cristobal Gonzalez) |
| 300 ## - DESCRIPCIÓN FÍSICA | |
| Extensión | 49 p. ; |
| Dimensiones | 18 cm. |
| 500 ## - NOTA GENERAL | |
| Nota general | En port.: Estrenada en el Teatro de la Zarzuela el 7 de octubre de 1863. |
| 500 ## - NOTA GENERAL | |
| Nota general | Solo la letra. |
| 700 1# - ENTRADA AGREGADA--NOMBRE PERSONAL | |
| Nombre de persona | Campos, Ignacio Agustín. |
| 9 (RLIN) | 126303 |
| 852 ## - LOCALIZACIÓN | |
| Ubicación | ES-MaACL |
| Número de control de estantería | F-8632(8) |
| Nota libre | -- Enc. pasta española |
| condición física | -- Falto de la cub. original |
| Nota libre | -- Enc. en un vol. facticio formando parte de la col. facticia "Teatro español moderno", vol. 87 |
| Estatus retirado | Estado de pérdida | Estado de daño | No para préstamo | Colección | Biblioteca de origen | Biblioteca actual | Ubicación en estantería | Fecha de adquisición | Total de préstamos | Signatura topográfica completa | Código de barras | Visto por última vez | Precio de reemplazo | Tipo de ítem Koha |
|---|---|---|---|---|---|---|---|---|---|---|---|---|---|---|
| Libros del s. XIX | Biblioteca del Ateneo de Madrid | Biblioteca del Ateneo de Madrid | Sala Pecera Planta 2 | 17/01/2008 | F-8632(8) | 1169782 | 23/02/2023 | 23/02/2023 | Libro impreso antiguo |
